| 000 | 01430nam a2200361 a 4500 | ||
|---|---|---|---|
| 001 | 86406 | ||
| 003 | BD-RjUL | ||
| 005 | 20260430145255.0 | ||
| 008 | 260430s2018 gw |||| o |||| 0|eng | ||
| 020 | _a9783319263663 | ||
| 035 | _a(BD-RjUL)86406 | ||
| 040 |
_aDLC _beng _epn _erda _cDLC _dBD-RjUL |
||
| 041 | _aeng | ||
| 082 | 0 | 4 |
_223 _a530.12 _bLUQ 2018 |
| 100 | 1 |
_aLudyk, Günter, _eauthor. _918266 |
|
| 245 | 1 | 0 |
_aQuantum Mechanics in Matrix Form / _cby Günter Ludyk. |
| 250 | _a1st ed. 2018. | ||
| 264 | 1 |
_aCham : _bSpringer International Publishing : _bImprint: Springer, _c2018. |
|
| 300 |
_aXIII, 214 pages : _billustrations ; _c24 cm. |
||
| 336 |
_atext _btxt _2rdacontent |
||
| 337 |
_acomputer _bc _2rdamedia |
||
| 338 |
_aonline resource _bcr _2rdacarrier |
||
| 347 |
_atext file _bPDF _2rda |
||
| 588 | _aDescription based on publisher-supplied MARC data. | ||
| 650 | 0 |
_aAtomic structure. _918267 |
|
| 650 | 0 |
_aMolecular structure. _918268 |
|
| 650 | 0 |
_aPhysics. _918231 |
|
| 650 | 0 |
_aQuantum physics. _918269 |
|
| 650 | 1 | 4 |
_aQuantum Physics. _0https://scigraph.springernature.com/ontologies/product-market-codes/P19080 _918270 |
| 650 | 2 | 4 |
_aAtomic/Molecular Structure and Spectra. _0https://scigraph.springernature.com/ontologies/product-market-codes/P24017 _918271 |
| 650 | 2 | 4 |
_aMathematical Methods in Physics. _0https://scigraph.springernature.com/ontologies/product-market-codes/P19013 _918272 |
| 942 |
_2ddc _cBK |
||
| 999 |
_c86406 _d86406 |
||